| 000 | 01047nam a2200289 i 4500 | ||
|---|---|---|---|
| 001 | 000045536 | ||
| 003 | DO-SdBNP | ||
| 005 | 20250623105530.0 | ||
| 007 | ta | ||
| 008 | 150414s1992 dr a 000 0 spa d | ||
| 040 |
_aDO-SdBNP _bspa _cBNPHU _erda |
||
| 041 | 1 | 7 |
_aspa _heng |
| 082 | 4 |
_axxx _bxxx _222 |
|
| 100 | 1 |
_aLu, Sheng-yen, _d1945- _eautor _4aut. _921333 |
|
| 240 | 1 | 0 | _aThe inner world of the lake |
| 245 | 1 | 3 |
_aEl mundo interno del lago / _cmaestro Sheng-yen Lu ; traducido por Renate Roos (Lienhua Mei-she). |
| 264 |
_aSanto Domingo : _bAsociación Budista de la República Dominicana, _c1992. |
||
| 300 |
_a166 páginas : _bilustraciones ; _c21 cm. |
||
| 336 |
_atexto _btxt _2rdacontent |
||
| 337 |
_asin mediación _bn _2rdamedia |
||
| 338 |
_avolumen _bnc _2rdacarrier |
||
| 500 | _aIncluye datos biográficos del autor | ||
| 500 | _aIncluye referencias bibliográficas y notas al pie de las páginas. | ||
| 590 | _aInventariado, 2025/BT | ||
| 700 | 1 | 2 |
_aRoos, Renate, _c(Lienhua Mei-she) _etraductor _4tr. _973596 |
| 942 |
_2ddc _cLBS1 |
||
| 999 |
_c45025 _d45025 |
||